Happy Valentine's Day!
| Main Author: | |
|---|---|
| Format: | Book |
| Published: |
New York :
PowerKids Press ,
2017
|
| Series: | Celebrations
|
| Subjects: |
MARC
| LEADER | 00000cam a2200000 7i4500 | ||
|---|---|---|---|
| 001 | 0000213916 | ||
| 005 | 20171123.0 | ||
| 020 | |a 9781499429473 | ||
| 090 | 0 | 0 | |a JF |b RIT |
| 100 | 1 | |a Ritter, Elizabeth | |
| 245 | 1 | 0 | |a Happy Valentine's Day! |c Elizabeth Ritter |
| 260 | |a New York : |b PowerKids Press , |c 2017 | ||
| 300 | |a 24p. : |b ill. ; |c 21cm. | ||
| 490 | 0 | |a Celebrations | |
| 650 | 0 | |a Children's stories | |
| 650 | 0 | |a Valentine's Day | |
| 999 | |a 00346629 |b BUKU |c PINJAMAN |e PERPUSTAKAAN KOMUNITI CAW BANDAR UTAMA | ||